000 00299 a2200121 4500
001 146620
040 _cEscola São Tomás de Aquino
100 _aDUPRÉ, Maria José
240 1 0 _aA montanha encantada
_lpor
245 1 0 _aA montanha encantada
697 _a*LITERATURA INFANTO JUVENIL
942 _cBK
999 _c146620
_d146620